000 00347nam a2200145Ia 4500
008 220803s9999 xx 000 0 und d
020 _a9788120727229
041 _aeng
082 _a823 KHE
100 _aKhera S
_917337
245 _aWinning Strategies.
260 _bSterling Publishers
300 _a47p
650 _aEnglish Literature
_917338
999 _c12251
_d12251